Property stigma (Record no. 79557)
[ view plain ]
| 000 -LEADER | |
|---|---|
| fixed length control field | 01180cab a22002055a 4500 |
| 001 - CONTROL NUMBER | |
| control field | L141650 |
| 008 - FIXED-LENGTH DATA ELEMENTS--GENERAL INFORMATION | |
| fixed length control field | 071210s2007 xxk f 000 0 eng d |
| 035 ## - SYSTEM CONTROL NUMBER | |
| System control number | (Sirsi) u141650 |
| 041 0# - LANGUAGE CODE | |
| Language code of text/sound track or separate title | eng |
| 100 1# - MAIN ENTRY--PERSONAL NAME | |
| Personal name | Sims, Sally |
| 245 00 - TITLE STATEMENT | |
| Title | Property stigma |
| Remainder of title | wind farms are just the latest fashion |
| 260 ## - PUBLICATION, DISTRIBUTION, ETC. | |
| Date of publication, distribution, etc. | 2007 |
| 490 ## - SERIES STATEMENT | |
| Series statement | Journal of Property Investment and Finance |
| Volume/sequential designation | 25(6) 626-651(26) |
| 520 ## - SUMMARY, ETC. | |
| Summary, etc. | RICS-sponsored study aims to measure the likely of onshore wind farms on UK house prices. Notes the difference in attitudes towards wind turbines across the country. The study focused on residential property values in close proximity to two wind farms in Cornwall, using transaction data for completions between 2000 and 2004. Finds some evidence that proximity to the farms has a detrimental effect on property value. However the level of detail was inconclusive. A second study analysed planning objections to wind farms in the area. This found that 95% of objections were from people living outside Cornwall. |
| 590 ## - LOCAL NOTE (RLIN) | |
| Local note | KA |
| 651 #4 - SUBJECT ADDED ENTRY--GEOGRAPHIC NAME | |
| Geographic name | United Kingdom |
| Chronological subdivision | |
| 690 ## - LOCAL SUBJECT ADDED ENTRY--TOPICAL TERM (OCLC, RLIN) | |
| Topical term or geographic name as entry element | ENVIRONMENTAL AND LAND CONSULTANCY-ENERGY-RENEWABLE ENERGY |
| 700 1# - ADDED ENTRY--PERSONAL NAME | |
| Personal name | Dent, Peter |
| 942 ## - ADDED ENTRY ELEMENTS (KOHA) | |
| Suppress in OPAC | 0 |
| Withdrawn status | Lost status | Source of classification or shelving scheme | Damaged status | Not for loan | Home library | Current library | Shelving location | Date acquired | Total Checkouts | Full call number | Barcode | Date last seen | Copy number | Price effective from | Koha item type |
|---|---|---|---|---|---|---|---|---|---|---|---|---|---|---|---|
| Dewey Decimal Classification | London | London | Journal article | 10/12/2007 | L141650 | 141650-1001 | 06/08/2019 | 1 | 06/08/2019 | Journal article |